| 000 | 00451nam a2200157 a 4500 | ||
|---|---|---|---|
| 001 | 000030784 | ||
| 005 | 20200930062516.0 | ||
| 008 | 110530s1928 dr 000 0 spa d | ||
| 040 |
_aDO-SdBNP _bspa _cBNPHU |
||
| 082 |
_axxxx _bS164 |
||
| 100 | 1 |
_aSalgado, Teresina _957345 |
|
| 245 | 1 | 0 |
_aDe mi ayer romantico. : _b(versos) / _cTeresina Salgado. |
| 260 |
_aSanto Domingo, : _bRoques Román Hnos , _c1928. |
||
| 300 |
_a190 p. ; _c19 cm. |
||
| 049 | _aBNPD | ||
| 999 |
_c30276 _d30276 |
||